| 000 | 00627 a2200241 4500 | ||
|---|---|---|---|
| 001 | 200002503 | ||
| 999 |
_c200002503 _d19144 |
||
| 003 | TR-AnTOB | ||
| 005 | 20201026085759.0 | ||
| 008 | 110223s2007 tu 000 0 | ||
| 040 |
_aİTU _dTR-AnTOB |
||
| 050 | 0 | 0 |
_aTJ465 _b.B84 2007 |
| 090 | _aTJ465 .B84 2007 | ||
| 245 | 0 | 0 | _aBuhar tesisatları ve buhar cihazları el kitabı |
| 250 | _agnşlm. 9.bs. | ||
| 300 |
_a232 s. : _bşekl., tabl. |
||
| 910 | _a0035012 | ||
| 942 | _cBK | ||
| 041 | _atur | ||
| 264 | 1 |
_aİstanbul : _bIntervalf, _c2007. |
|
| 650 | 7 |
_aBuhar makineleri _2etuturkob _971725 |
|
| 650 | 0 |
_aSteam-engines _971726 |
|